000 00805nam a2200217 a 4500
001 000021913
005 20200930011512.0
008 100914s1974 ag 000 0 spa d
040 _aDO-SdBNP
_bspa
_cBNPHU
082 _a863.5
_bA321
100 1 _aAlarcón, Pedro Antonio de.
_d1833-1891
_938330
245 1 3 _aEl capitan veneno /
_cPedro Antonio de Alarcón ; introducción Joaquín Molas ; cronología bibliográfica y vocabulario Carlota María Espagnol.
260 _aBuenos Aires, (Argentina) :
_bEdiciones Huella,
_c1974.
300 _a127 p. ;
_c17 cm.
490 1 _aClásicos Universales
650 4 _aNovela española
_91123
650 4 _aLiteratura española
_9632
650 4 _aBatalla
_xNovela
_945474
700 1 _aMolas, Joaquín,
_eintr.
_945475
700 1 _aEspagnol, Carlota María.
_945476
999 _c21411
_d21411